000 00248nam a22000857a 4500
008 170303b xxu||||| |||| 00| 0 eng d
100 _93020
_aCurry,Thamas.S et al
245 _aChristensens Physics of Diagnanostic
260 _aNew Delhi
_bWlter kluwer
_c1992
999 _c6264
_d6264